Anteproyecto de presupuesto extraordinario de 72.200,000 pesetas para la construcción de 380 viviendas destinadas a funcionarios provinciales / Diputación Provincial de Barcelona
Descripción Física:
21 p. ; 24 cm
MARC
| LEADER | 00000nam a2200000Ia 4500 | ||
|---|---|---|---|
| 001 | 9990 | ||
| 008 | 160829s1959 xx 000 0 cat d | ||
| 080 | |a FU-11-12 | ||
| 110 | 1 | |a Barcelona (Catalunya : Província). |b Diputació |9 52408 | |
| 245 | |a Anteproyecto de presupuesto extraordinario de 72.200,000 pesetas para la construcción de 380 viviendas destinadas a funcionarios provinciales / Diputación Provincial de Barcelona | ||
| 260 | |a Barcelona : |b (Casa Prov. de Caridad), |c 1959 | ||
| 300 | |a 21 p. ; |c 24 cm | ||
| 650 | |a Barcelona. Diputació |x Funcionaris i empleats |x Habitatges |9 22984 | ||
| 901 | |a Arxiu | ||
| 942 | |n 1 | ||
| 952 | |0 0 |1 0 |4 0 |6 FU1112 |7 1 |9 42401 |a Arxiu |b Arxiu |d 2016-12-01 |l 0 |o FU-11-12 |p 9990 |r 2016-12-01 00:00:00 |w 2016-12-01 |y ARXIU | ||
| 999 | |c 44906 |d 44906 | ||